000 00570nam a2200181Ia 4500
008 100917s9999 xx 000 0 und d
082 _b63323
100 _aकुलकर्णी अनिल र.
245 _aसॉलिटरी क्रीपर्स
260 _bविश्वमोहिनी प्रकाशन
_c1983
300 _a180
365 _b30
520 _aकथा
630 _aसॉलिटरी क्रीपर्स
650 _aकथा
730 _aसॉलिटरी क्रीपर्स
942 _cBOOK
999 _c668717
_d668714